| 000 | 00624nam a2200241Ia 4500 | ||
|---|---|---|---|
| 003 | OSt | ||
| 005 | 20220925191117.0 | ||
| 006 | a|||||r|||| 00| 0 | ||
| 007 | ta | ||
| 008 | 220923b |||||||| |||| 00| 0 eng d | ||
| 037 | _cGeneral Book | ||
| 040 |
_aRTL _cRTL _beng |
||
| 041 |
_2eng _aeng |
||
| 082 | _aX.2,h, N4 | ||
| 110 | _aCentre for Monitoring Indian Economy | ||
| 245 | 0 | _aC M I E | |
| 260 |
_aBombay _bC M I E _c1994 |
||
| 300 |
_a20p _ccm. |
||
| 650 | _aEconomic Theory | ||
| 700 | _aCentre for Monitoring Indian Economy | ||
| 942 |
_hX.2,h, N4 _cGB _2CC |
||
| 999 |
_c517238 _d517238 |
||